| 000 | 00432nam a2200181Ia 4500 | ||
|---|---|---|---|
| 001 | 2856 | ||
| 005 | 20260306144838.0 | ||
| 008 | 260306t1993||||xx |||||||||||||| ||spa|| | ||
| 041 | _aESP | ||
| 082 |
_a230.20902 _bG45 |
||
| 100 |
_aGilbert, Paul P. _eAUT |
||
| 245 | 0 | _aIntroducción a la teología medieval | |
| 260 | _c1993 | ||
| 300 |
_a194 páginas : _c23 cm. |
||
| 650 | _aGEN | ||
| 654 | _aCHU | ||
| 942 |
_cLIB _dJUS _fJUS _2ddc _n |
||
| 999 |
_c2856 _d2856 |
||